Çöküş : (Record no. 13426)

MARC details
000 -BAŞLIK
Sabit Uzunlukta Kontrol Alanı 00740nam a2200241 4500
999 ## - SİSTEM KONTROL NUMARALARI (KOHA)
Koha Biblionumber 13426
Koha Biblioitemnumber 13426
003 - KONTROL NUMARASI IDENTIFIER
Denetim Alanı MIRAKIL
005 - SON İŞLEM TARİHİ VE ZAMANI
Denetim Alanı 20190723134927.0
008 - SABİT-BOY VERİ ELEMANLARI - GENEL BİLGİLER
Sabit Uzunlukta Kontrol Alanı 190723b tu ||||| |||| 00| 0 tur d
020 ## - ULUSLARARASI STANDART KİTAP NUMARASI
Uluslararası Standart Kitap Numarası 9786054337408
040 ## - KATALOGLAMA KAYNAK
Orijinal Kataloglama Ajansı TR-AnCHP
Metne Dönüştürmek Ajansı TR-AnCHP
041 ## - DİL KODU
Metin / Ses Parça Veya Ayrı Başlığın Dil Kodu tur
082 ## - DEWEY ONLU SINIFLANDIRMA NUMARASI
Sınıflandırma Numarası 956.10154
Ürün Numarası K54ç 2011
100 1# - ANA GİRİŞ - KİŞİSEL İSİM
Kişisel Ad Kilercioğlu, Orhan
245 10 - BAŞLIK TABLOSU
Başlık Çöküş :
Başlığın Kalan Bir devrin dramı /
Sorumluluk Tablosu, Vb Orhan Kilercioğlu.
246 ## - UNVAN FORM VARYING
Başlık Doğru / Kısa Başlığı Bir devrin dramı
260 ## - YAYIN, DAĞITIM, VB
Yayın, Dağıtım, Vb Yeri İstanbul :
Yayıncı, Dağıtıcı, Vs Adı Çatı Kitapları,
Yayın, Dağıtım, Vb Tarihi 2011.
Üretici Firma Barış Matbaası.
300 ## - FİZİKSEL TANIM
Kapsam 632 s.:
Diğer Fiziksel Ayrıntıları fotg.;
Boyutlar 21 sm.
504 ## - KAYNAKÇA VB NOT
Kaynakça Vb Notu Kaynakça vardır.
650 #0 - KONU KATMA GİRİŞ - TOPİKAL DÖNEM
9 (RLIN) 710
Topikal Süreli Veya Coğrafi Ad Giriş Elemanı Osmanlı İmparatorluğu
Genel Alt Bölümü Çöküş devri
651 #0 - KONU KATMA GİRİŞ - COĞRAFİ ADI
9 (RLIN) 5416
Coğrafi İsim Türkiye
Genel Alt Bölümü Tarih
Kronolojik Alt Bölümü 20.yy
740 ## - KATMA GİRİŞ - KONTROLSUZ İLGİLİ / ANALİTİK BAŞLIK
Kontrol Edilmeyen / İlgili Analitik Başlıktaki Bir devrin dramı
942 ## - EKLENDİ GİRİŞ ELEMANLARI (KOHA)
Sınıflandırma Veya Raf Düzeni Kaynak Dewey Decimal Classification
Koha Öğesi Türü Books
Holdings
Kalıcı Konum Mevcut Konum Edinme Tarihi Toplam Check-Out'Lar Tam Çağrı Numarası Barkod Tarih Son Görülme İtibaren Geçerli Fiyatlar Koha Öğesi Türü
CHP Kütüphanesi CHP Kütüphanesi 07/23/2019   956.10154 K54ç 2011 008451 07/23/2019 07/23/2019 Books